000 00280nam a2200109Ia 4500
008 200302s9999 xx 000 0 und d
100 _aRupert Spade
245 _aLibrary of Conntemporary Architects Paul Rudolph
260 _bThames and Hudson Ltd.
260 _c1971
300 _a133 P.,
999 _c87
_d87